BSOP header

Psychology : towards a new millennium / (Record no. 37348)

MARC details
000 -LEADER
fixed length control field 00956nam a2200205 a 4500
001 - CONTROL NUMBER
control field EHB001156
005 - DATE AND TIME OF LATEST TRANSACTION
control field 20140520110405.0
008 - FIXED-LENGTH DATA ELEMENTS--GENERAL INFORMATION
fixed length control field
020 ## - INTERNATIONAL STANDARD BOOK NUMBER
International Standard Book Number 9710864572
050 ## - LIBRARY OF CONGRESS CALL NUMBER
Classification number BF121 .K12 2004
100 ## - MAIN ENTRY--PERSONAL NAME
Personal name Kahayon, Alicia Hernandez
245 10 - TITLE STATEMENT
Title Psychology : towards a new millennium /
Statement of responsibility, etc Alicia Hernandez-Kahayon.
260 ## - PUBLICATION, DISTRIBUTION, ETC. (IMPRINT)
Place of publication, distribution, etc Mandaluyong City :
Name of publisher, distributor, etc National Book Store,
Date of publication, distribution, etc 2004.
300 ## - PHYSICAL DESCRIPTION
Extent xi, 437 p. ;
Dimensions 22 cm.
504 ## - BIBLIOGRAPHY, ETC. NOTE
Bibliography, etc Includes bibliographical references.
505 ## - FORMATTED CONTENTS NOTE
Formatted contents note The nature of psychology - - Principles of growth and development - - The physiological basis of behavior - - Sensation and perception - - Learning and human abilities - - Individual differences and intelligence - - Personality development and mental health - - Encountering stress in a changing world - - Psychology applied to work.
650 ## - SUBJECT ADDED ENTRY--TOPICAL TERM
Topical term or geographic name as entry element Psychology.
700 ## - ADDED ENTRY--PERSONAL NAME
Personal name Berba, Ma. Rita Teresa Villacarlos.
942 ## - ADDED ENTRY ELEMENTS (KOHA)
Source of classification or shelving scheme Library of Congress Classification
Item type Books
Holdings
Withdrawn status Lost status Source of classification or shelving scheme Damaged status Not for loan Home library Current library Shelving location Date acquired Source of acquisition Cost, normal purchase price Accession number Total Checkouts Full call number Barcode Date last seen Copy number Price effective from Koha item type
    Library of Congress Classification     BSOP Library BSOP Library Filipiniana 03/22/2014 NBS Bookfair 396.00 36584   BF121 K12p 00043884 03/22/2014 c.2 03/22/2014 Books
BSOP

Biblical Seminary of the Philippines
  All rights Reserved
  © 2024

CONTACT INFORMATION

Biblical Seminary of the Philippines,
  77-B Karuhatan Road, Valenzuela City,
  PHILIPPINES 1441
  Phone: +632 8292-6795 / 8292-6798
  Fax : +632 8292-6675
  Email: library@bsop.edu.ph